000 00570nam a2200193 u 4500
005 20210223130528.0
008 080623s2007 ag r 000 0 spa d
020 _a9789875730984
035 _aUPN01000157335
049 _aI
050 4 _aPZ74.3
_bD4.6
100 1 _aDevetach, MarĂ­a Laura,
_d1936-
_930872
245 1 0 _aPeriquito /
_cLaura Devetach ; il. de Juan Lima.
260 _aBuenos Aires :
_bSM,
_c2007.
300 _a31 p. :
_bil. col.
440 3 _aEl barco de vapor.
_pLos piratas ;
_v5A
650 4 _aPOESIA INFANTIL ARGENTINA
_911596
905 _aInfantil
999 _c129449
_d129449